02641nam a2200301 a 4500001001000000003000500010005001700015007001500032008004100047035001100088040000900099100002500108245014900133264004100282300006000323336002700383337002900410338004000439502003300479520159500512650001702107650003102124650001802155650002402173650003202197700005702229856005302286000103695CHAP20250210122116.0cr ||||||a|c|a101215s2010 mx r 00010 spa d a111816 cCHAP1 aReyes Flores, Maciel10aEvaluación del trasplante de maíz en tres etapas de desarrolloc/por Maciel Reyes Flores; director de tesis Luis Manuel Serrano Covarrubias. 1aChapingo, Méx. :bEl autor,c2010. a1 recurso en línea (47 páginas):bcuadros, figuras. 2rdacontentatextobtxt 2rdamediaacomputadorabc 2rdacarrierarecursos en líneabcr bIAEFcFitotecniad2010.gLIC aEl objetivo del presente estudio fue determinar la mejor etapa de trasplante y el efecto del desarrollo de las plántulas sobre el rendimiento comercial de grano de dos genotipos mexicanos de maíz (Cuarentano y Cafime). Los métodos evaluados fueron siembra directa y trasplante a primera, tercera y quinta hoja ligulada. El experimento fue establecido en el ciclo PV-2009 en el Campo Agrícola Experimental de la Universidad Autónoma Chapingo (CAEUACh), bajo condiciones de temporal y un diseño de bloques completos al azar con 5 repeticiones. Las variables evaluadas fueron altura de planta (AP), rendimiento total de grano (RTG), peso total de olote (PTO), largo de mazorca (LM) y diámetro de mazorca (DM). Los datos se sometieron a un análisis de varianza, comparación de medias de Tukey (α=0.05) y un análisis de correlación. Para el factor genotipo y época de establecimiento el análisis de varianza mostró diferencias altamente significativas (α=0.01) significativas en AP, RTG, PTO y LM, significativamente (α=0.05) para DM en el factor genotipo y no significancia en la época de establecimiento. En la interacción genotipo por época hubo diferencias altamente significativas (α=0.01) en RTG y PTO. Por el efecto de genotipo por época de establecimiento el genotipo Cafime mostró los mejores rendimientos de grano al ser trasplantado a los 9 y 17 días después de la siembra. Cuarentano manifestó el mejor rendimiento cuando se trasplantó a los 21 días después de la siembra, aunque estadísticamente no hubo diferencias (α=0.05).14aCrecimiento.14aCultivoszMéxico (Edo.).14aEvaluación.14aMaízxTrasplante.14aPlántulasxGerminación.1 aSerrano Covarrubias, Luis ManueleDirector de tesis. uhttp://10.13.5.2/tesis/111816.pdfzDESCARGAR PDF